<?xml version="1.0" encoding="UTF-8"?><?xml-stylesheet type="text/xsl" href="static/style.xsl"?><OAI-PMH xmlns="http://www.openarchives.org/OAI/2.0/" xmlns:xsi="http://www.w3.org/2001/XMLSchema-instance" xsi:schemaLocation="http://www.openarchives.org/OAI/2.0/ http://www.openarchives.org/OAI/2.0/OAI-PMH.xsd"><responseDate>2026-04-27T19:52:03Z</responseDate><request verb="GetRecord" identifier="oai:uvadoc.uva.es:10324/32023" metadataPrefix="marc">https://uvadoc.uva.es/oai/request</request><GetRecord><record><header><identifier>oai:uvadoc.uva.es:10324/32023</identifier><datestamp>2025-01-22T13:24:29Z</datestamp><setSpec>com_10324_1151</setSpec><setSpec>com_10324_931</setSpec><setSpec>com_10324_894</setSpec><setSpec>col_10324_1278</setSpec></header><metadata><record xmlns="http://www.loc.gov/MARC21/slim" xmlns:doc="http://www.lyncode.com/xoai" xmlns:xsi="http://www.w3.org/2001/XMLSchema-instance" xmlns:dcterms="http://purl.org/dc/terms/" xsi:schemaLocation="http://www.loc.gov/MARC21/slim http://www.loc.gov/standards/marcxml/schema/MARC21slim.xsd">
<leader>00925njm 22002777a 4500</leader>
<datafield tag="042" ind1=" " ind2=" ">
<subfield code="a">dc</subfield>
</datafield>
<datafield tag="720" ind1=" " ind2=" ">
<subfield code="a">Cerioli, Andrea</subfield>
<subfield code="e">author</subfield>
</datafield>
<datafield tag="720" ind1=" " ind2=" ">
<subfield code="a">García Escudero, Luis Ángel</subfield>
<subfield code="e">author</subfield>
</datafield>
<datafield tag="720" ind1=" " ind2=" ">
<subfield code="a">Mayo Iscar, Agustín</subfield>
<subfield code="e">author</subfield>
</datafield>
<datafield tag="720" ind1=" " ind2=" ">
<subfield code="a">Riani, Marco</subfield>
<subfield code="e">author</subfield>
</datafield>
<datafield tag="260" ind1=" " ind2=" ">
<subfield code="c">2018</subfield>
</datafield>
<datafield tag="520" ind1=" " ind2=" ">
<subfield code="a">Deciding the number of clusters k is one of the most difficult problems in clus-&#xd;
ter analysis. For this purpose, complexity-penalized likelihood approaches have been&#xd;
introduced in model-based clustering, such as the well known BIC and ICL crite-&#xd;
ria. However, the classi cation/mixture likelihoods considered in these approaches&#xd;
are unbounded without any constraint on the cluster scatter matrices. Constraints&#xd;
also prevent traditional EM and CEM algorithms from being trapped in (spurious)&#xd;
local maxima. Controlling the maximal ratio between the eigenvalues of the scatter&#xd;
matrices to be smaller than a  xed constant c   1 is a sensible idea for setting such&#xd;
constraints. A new penalized likelihood criterion which takes into account the higher&#xd;
model complexity that a higher value of c entails, is proposed. Based on this criterion,&#xd;
a novel and fully automated procedure, leading to a small ranked list of optimal (k; c)&#xd;
couples is provided. A new plot called \car-bike" which provides a concise summary&#xd;
of the solutions is introduced. The performance of the procedure is assessed both in&#xd;
empirical examples and through a simulation study as a function of cluster overlap.&#xd;
Supplemental materials for the article are available online.</subfield>
</datafield>
<datafield tag="024" ind2=" " ind1="8">
<subfield code="a">Journal of Computational and Graphical Statistics, 2016, vol. 27, p. 404-416</subfield>
</datafield>
<datafield tag="024" ind2=" " ind1="8">
<subfield code="a">1061-8600</subfield>
</datafield>
<datafield tag="024" ind2=" " ind1="8">
<subfield code="a">http://uvadoc.uva.es/handle/10324/32023</subfield>
</datafield>
<datafield tag="024" ind2=" " ind1="8">
<subfield code="a">10.1080/10618600.2017.1390469</subfield>
</datafield>
<datafield tag="024" ind2=" " ind1="8">
<subfield code="a">1537-2715</subfield>
</datafield>
<datafield tag="245" ind1="0" ind2="0">
<subfield code="a">Finding the number of normal groups in model-based clustering via constrained likelihoods</subfield>
</datafield>
</record></metadata></record></GetRecord></OAI-PMH>